| 000 | 00710nam a22001937a 4500 | ||
|---|---|---|---|
| 999 |
_c169511 _d169511 |
||
| 005 | 20191122105844.0 | ||
| 010 | _aUR-10604 | ||
| 020 |
_c300.00 _a9789389002669 |
||
| 035 | _aU-9159 | ||
| 037 |
_bDBAD/PUB _a- |
||
| 082 | _a305.4 | ||
| 100 | _aشا ذ يہ کما ل | ||
| 245 |
_aہم عصر خو ا تين ا فسا نہ نگا ر :ا يک جا ءز ہ _cشا ذ يہ کما ل |
||
| 246 |
_bHamasar Khawateen Afsananigar :Ek jaaeza (Urdu) _aby Dr. Shazia Kamal |
||
| 260 |
_aDelhi _bEducational Publishing House _c2019 ء |
||
| 270 |
_a3191,Vakil Street, Kucha Pandit,Lal Kuan, _bDelhi _e110006 _k01123216162 _l- |
||
| 300 |
_a235 ص _c22 Cm(Hb) |
||
| 942 |
_2ddc _cUR _h305.4 _mش ا ذ |
||